000 00499nam a22001937a 4500
003 OSt
005 20151127142755.0
008 151127b xxu||||| |||| 00| 0 eng d
020 _a0304328340
040 _cDDC.
082 _a375RAB 1994.
100 _aRadnor A .Hilary.
_96361
245 _aAcross the Curriculum.
260 _aNew York.
_bCassell,
_c1994.
300 _axi,148p;
_bill;
_c23cm.
504 _areferences and index are included.
650 _aCurriculum
_96362
942 _2ddc
_cSLOAN
999 _c2725
_d2725